| 000 | 01517nam a2200349 i 4500 | ||
|---|---|---|---|
| 003 | DO-SdBNP | ||
| 005 | 20240426151441.0 | ||
| 007 | ta | ||
| 008 | 240426b2019 dr a|||| |||| 00| 0 spa d | ||
| 020 | _a9789945177442 | ||
| 040 |
_aDO-SdBNP _bspa _cBNPHU _erda |
||
| 082 | 4 | _222 | |
| 245 | 0 | 0 |
_aLengua Española 4 : _bdel proyecto editorial de educación primaria / _ccolaboración, Luz Adames Sirí, Enmanuel Peña, María Fernanda Valdemiro Meza, Sergio Andrade Legua, Estrella Léniz Ulloa ; edición, Elias Herrera Jerez ; corrección, José Roques Paulino ; ilustraciones, Juan Pablo Feliz, Wi-Hen Fung, Roberto del Real Ekdahi, Paula Vásquez González. |
| 264 | 4 |
_aSanto Domingo : _bS M, _c2019. |
|
| 300 |
_a239 páginas : _bIlustraciones ; _c27 cm. |
||
| 336 |
_2rdacontent _atexto _btxt |
||
| 337 |
_2rdamedia _asin mediación _bn |
||
| 338 |
_2rdacarrier _avolumen _bnc |
||
| 490 | _aSavia | ||
| 590 | _aInventariado 2024/BT | ||
| 700 | 1 |
_aAdames Sirí, Luz, _ecolaboración _985304 |
|
| 700 | 1 |
_aPeña, Enmanuel, _ecolaboración _985305 |
|
| 700 | 1 |
_aValdebenito Meza, María Fernanda, _ecolaboración _985306 |
|
| 700 | 1 |
_aAndrade Legua, Sergio, _ecolaboración _985307 |
|
| 700 | 1 |
_aRoques Paulino, Josie, _ecorrección _985308 |
|
| 700 | 1 |
_aFeliz, Juan Pablo, _eilustración _985309 |
|
| 700 | 1 |
_aFung, Wi-Hen, _eilustración _973248 |
|
| 700 | 1 |
_aReal Ekdahi, Roberto del, _eilustración _96598 |
|
| 700 | 1 |
_aVázquez González, Paula, _eilustración _985341 |
|
| 910 | _aBTavárez | ||
| 942 |
_2ddc _cLBS1 |
||
| 999 |
_c56540 _d56540 |
||